The Six Quarks - Statistics

General Stats
  • This quiz has been taken 17 times
  • The average score is 5 of 6
Answers on the Map
Answers color-coded by a green-red scale on the quiz's map according to % correct below.
 
Answer Stats
Answer % Correct
Down
100%
Up
100%
Strange
79%
Bottom
64%
Charm
64%
Top
64%
No matching quizzes found
Score Distribution
Percent of People with Each Score
Percentile by Number Answered
Your Score History
You have not taken this quiz